Les origines de la cité grecque : Homère et son temps (notice n° 1568330)
[ vue normale ]
| 000 -LEADER | |
|---|---|
| fixed length control field | 01652cam a2200133 4500500 |
| 005 - DATE AND TIME OF LATEST TRANSACTION | |
| control field | 20251214004236.0 |
| 041 ## - LANGUAGE CODE | |
| Language code of text/sound track or separate title | fre |
| 042 ## - AUTHENTICATION CODE | |
| Authentication code | dc |
| 100 10 - MAIN ENTRY--PERSONAL NAME | |
| Personal name | Scheid-Tissinier, Évelyne |
| Relator term | author |
| 245 00 - TITLE STATEMENT | |
| Title | Les origines de la cité grecque : Homère et son temps |
| 260 ## - PUBLICATION, DISTRIBUTION, ETC. | |
| Name of publisher, distributor, etc. | Armand Colin,<br/> |
| Date of publication, distribution, etc. | 2017.<br/> |
| 520 ## - SUMMARY, ETC. | |
| Summary, etc. | Les IXe et VIIIe siècles av. J.-C. constituent une période décisive, dite Géométrique, de l’histoire du monde grec antique. Ils ont vu l’émergence de la cité-État, forme politique originale, porteuse de mutations essentielles pour son histoire et sa culture. À cette même époque, les Grecs explorent le pourtour de la Méditerranée et commencent à coloniser certains sites. Or, les seuls documents littéraires contemporains dont nous disposons sont les poèmes d’Homère (l’Iliade, l’Odyssée) et d’Hésiode (La Théogonie, Les travaux et les jours). Ces textes, les plus anciens de la littérature grecque, dont est proposée ici une analyse précise, constituent des témoignages majeurs de l’histoire de la culture grecque antique. Ils révèlent les fondements des sociétés grecques et laissent voir un ensemble de valeurs, de comportements et de pratiques communautaires destinés à forger de manière durable l’identité du citoyen grec. Ils permettent également de souligner l’interaction entre poésie et réalité historique : le héros homérique comme le paysan hésiodique sont à la base de la vision que les Grecs ont d’eux-mêmes et du monde qui les entoure. |
| 856 41 - ELECTRONIC LOCATION AND ACCESS | |
| Uniform Resource Identifier | <a href="https://shs.cairn.info/les-origines-de-la-cite-grecque--9782200619435?lang=fr&redirect-ssocas=7080">https://shs.cairn.info/les-origines-de-la-cite-grecque--9782200619435?lang=fr&redirect-ssocas=7080</a> |
Pas d'exemplaire disponible.




Réseaux sociaux